Salta al contenuto

Злокачественные новообразования и восстановительная хирургия челюстно-лицевой области учебное пособие

Учебное пособие предназначено для студентов стоматологических факультетов, врачей-интернов, врачей-ординаторов, стоматологов, челюстно-лицевых хирургов практического здравоохранения. Приведены материалы по общим и частным вопросам онкостоматологии и восстановительной хирургии челюстно-лицевой област...

Descrizione completa

Salvato in:
Dettagli Bibliografici
Autore principale: Ярошкевич А. В.
Altri autori: Гандылян К. С., Караков К. Г., Письменова Н. Н., Шарипов Е. М., Христофорандо Д. Ю., Кражан С. Н., Елисеева Е. В., Саркисов А. Я., Иванюта И. В., Шарипова Т. В., Фаргиев И. Б.
Natura: Книга
Lingua:Russian
Pubblicazione: Ставрополь СтГМУ 2019
Accesso online:https://e.lanbook.com/book/501413
https://e.lanbook.com/img/cover/book/501413.jpg
Tags: Aggiungi Tag
Nessun Tag, puoi essere il primo ad aggiungerne! !
LEADER 03057nam0a2200409 i 4500
001 501413
003 RuSpLAN
005 20250730155518.0
008 250730s2019 ru gs 000 0 rus
020 |a 978-5-89822-575-9 
040 |a RuSpLAN 
041 0 |a rus 
044 |a ru 
080 |a 616.31-006-089(075.8) 
084 |a 56.65я73  |2 rubbk 
245 0 0 |a Злокачественные новообразования и восстановительная хирургия челюстно-лицевой области  |b учебное пособие  |c Ярошкевич А. В.,Гандылян К. С.,Караков К. Г.,Письменова Н. Н.,Шарипов Е. М.,Христофорандо Д. Ю.,Кражан С. Н.,Елисеева Е. В.,Саркисов А. Я.,Иванюта И. В.,Шарипова Т. В.,Фаргиев И. Б. 
260 |a Ставрополь  |b СтГМУ  |c 2019 
300 |a 148 с. 
504 |a Библиогр.: доступна в карточке книги, на сайте ЭБС Лань 
520 8 |a Учебное пособие предназначено для студентов стоматологических факультетов, врачей-интернов, врачей-ординаторов, стоматологов, челюстно-лицевых хирургов практического здравоохранения. Приведены материалы по общим и частным вопросам онкостоматологии и восстановительной хирургии челюстно-лицевой области. Изложены принципы обследования и современные методы лечения больных с онкопатологией челюстно-лицевой области, в соответствии с общепринятой классификацией описывается клиника отдельных нозологических форм заболеваний. Описаны показания и противопоказания к восстановительным и реконструктивным операциям челюстно-лицевой области, принципы их планирования. 
521 8 |a Книга из коллекции СтГМУ - Медицина 
521 8 |a СЭБ 
100 1 |a Ярошкевич А. В. 
700 1 |a Гандылян К. С. 
700 1 |a Караков К. Г. 
700 1 |a Письменова Н. Н. 
700 1 |a Шарипов Е. М. 
700 1 |a Христофорандо Д. Ю. 
700 1 |a Кражан С. Н. 
700 1 |a Елисеева Е. В. 
700 1 |a Саркисов А. Я. 
700 1 |a Иванюта И. В. 
700 1 |a Шарипова Т. В. 
700 1 |a Фаргиев И. Б. 
856 4 |u https://e.lanbook.com/book/501413 
856 4 8 |u https://e.lanbook.com/img/cover/book/501413.jpg 
953 |a https://e.lanbook.com/img/cover/book/501413.jpg